000 00824nam a2200193Ia 4500
008 250919t2019||||xx |||||||||||||| ||spa||
040 _agtgcusco
_bspa
_cgtgcusco
_dgtgcusco
041 _aspa
084 _aEPS744
100 _aBolaños Lemus, Helen Waleska
_916625
245 0 _aInforme final del programa ejercicio profesional supervisado en la clínica dental Fraternidad Mazateca de los Ángeles, Pueblo Nuevo, Suchitepéquez febrero-octubre de 2019
260 _aGuatemala :
_bUSAC,
_c2019
300 _a73 p :
_bil. :
_c27 cm.
336 _atexto
_btxt
_2rdacontenido
337 _aSin mediación
_bn
_2rdamedio
338 _avolumen
_bnc
_2rdasoporte
502 _aEPS (Cirujano Dentista) -- Universidad de San Carlos de Guatemala, Facultad de Odontología. --
942 _aBiblioteca Facultad de Odontología
_cEPS
_kEPS744
999 _c8007
_d8007